[Event "Rated Blitz game"]
[Site "?"]
[Date "2021.02.15"]
[Round "?"]
[White "MORNAR1"]
[Black "annaly1979"]
[Result "0-1"]
[WhiteElo "2380"]
[BlackElo "2404"]
[PlyCount "72"]
[EventDate "2021.??.??"]
[EventType "blitz"]

1. e4 e5 2. Nf3 d5 3. exd5 e4 4. Nd4 c5 5. Bb5+ Nd7 6. Nf5 Ngf6 7. O-O a6 8.
Be2 Ne5 9. Nc3 Bxf5 10. d4 exd3 11. Bxd3 Nxd3 12. cxd3 Be7 13. Qa4+ b5 14. Qf4
Bg6 15. d6 Qxd6 16. Qxd6 Bxd6 17. Re1+ Kd7 18. Bg5 Rhe8 19. Bxf6 gxf6 20. Ne4
Be5 21. Nxc5+ Kc6 22. Rac1 Bxh2+ 23. Kxh2 Rxe1 24. Rc3 Kd5 25. Nb3 Re2 26. Rc5+
Kd6 27. d4 Rxb2 28. Na5 Rxf2 29. Nb7+ Kd7 30. Kg3 Rf5 31. d5 Rc8 32. Rxc8 Kxc8
33. Nd6+ Kd7 34. Nxf5 Bxf5 35. Kf4 Bb1 36. g4 Bxa2 {Normal} 0-1

[Event "Rated Blitz game"]
[Site "?"]
[Date "2021.02.15"]
[Round "?"]
[White "roberat18"]
[Black "Blind2250"]
[Result "0-1"]
[WhiteElo "2462"]
[BlackElo "2430"]
[PlyCount "94"]
[EventDate "2021.??.??"]
[EventType "blitz"]

1. e4 e5 2. Nf3 d5 3. exd5 e4 4. Qe2 Qe7 5. Nd4 Nf6 6. Nc3 Qe5 7. Nf3 Qe7 8.
Ng5 Bf5 9. d3 exd3 10. cxd3 Nbd7 11. Qxe7+ Bxe7 12. Be2 Nb6 13. Bf4 Nbxd5 14.
Bd2 O-O 15. O-O Rfe8 16. Rfe1 Bc5 17. Bf3 Nb4 18. Bxb7 Rab8 19. Rxe8+ Rxe8 20.
Nge4 Bd4 21. Nxf6+ Bxf6 22. Ne4 Bxb2 23. Rb1 Nxd3 24. f3 Bd4+ 25. Kf1 Bb6 26.
Bc6 Rd8 27. Bg5 f6 28. Bh4 Nc5 29. Nxc5 Bxb1 30. Ne4 Bxa2 31. Ke2 Bc4+ 32. Ke1
a5 33. Nc3 Bd4 34. Nb5 Bxb5 35. Bxb5 Rb8 36. Bc4+ Kf8 37. Kd2 a4 38. Kd3 c5 39.
Bg3 Rb1 40. Bd6+ Ke8 41. g4 Kd7 42. Bf8 g6 43. h4 a3 44. Ke4 Rb4 45. Ba2 f5+
46. gxf5 Bg7+ 47. Kd5 Bxf8 {Time forfeit} 0-1

[Event "Rated Blitz game"]
[Site "?"]
[Date "2021.02.15"]
[Round "?"]
[White "Gonzaga22"]
[Black "Chesspirate_Channel"]
[Result "1-0"]
[WhiteElo "2430"]
[BlackElo "2365"]
[PlyCount "61"]
[EventDate "2021.??.??"]
[EventType "blitz"]

1. e4 e5 2. Nf3 d5 3. Nc3 dxe4 4. Nxe4 f5 5. Ng3 e4 6. Ne5 Nf6 7. Bc4 Qd4 8.
Bf7+ Ke7 9. f4 exf3 10. Nxf3 Qb6 11. Bb3 h6 12. d4 Be6 13. O-O Bxb3 14. axb3 g6
15. Ne5 Rg8 16. Re1 Kd8 17. Nf7+ Kc8 18. Nxh6 Bxh6 19. Bxh6 Nc6 20. c3 Ng4 21.
Bg5 Nce5 22. h3 Nf7 23. Bf4 g5 24. Bxg5 Nxg5 25. hxg4 f4 26. Nf5 Kb8 27. Qd2 a6
28. Qxf4 Qxb3 29. Ne7 Rg7 30. Qf8+ Ka7 31. Qxg7 {Normal} 1-0

[Event "Rated Blitz game"]
[Site "?"]
[Date "2021.02.15"]
[Round "?"]
[White "Nikita_Sannikov"]
[Black "Blind2250"]
[Result "1-0"]
[WhiteElo "2341"]
[BlackElo "2417"]
[PlyCount "111"]
[EventDate "2021.??.??"]
[EventType "blitz"]

1. e4 e5 2. Nf3 d5 3. d4 dxe4 4. Nxe5 Bd6 5. Bf4 Nf6 6. Be2 O-O 7. O-O Nc6 8.
Nc3 Bf5 9. Bc4 Qe7 10. Nxc6 bxc6 11. Bg3 Bg6 12. Re1 Rfe8 13. Qd2 Rad8 14. Rad1
Bh5 15. Be2 Bb4 16. Bxh5 Nxh5 17. a3 Bxc3 18. Qxc3 f5 19. Be5 Qe6 20. Bxc7 Rd7
21. Be5 Qg6 22. Qh3 Rb7 23. b3 f4 24. g4 Nf6 25. Bxf4 Nxg4 26. Qg3 Qf5 27. h3
Nf6 28. Be5 Re6 29. Kh1 Rf7 30. Rg1 Nh5 31. Qg4 Qf3+ 32. Qxf3 exf3 33. Rg4 g6
34. Rdg1 Kf8 35. Kh2 Ke8 36. Re1 Kd7 37. Re3 Rf5 38. Rge4 Nf6 39. Bxf6 Rxe4 40.
Rxe4 Rxf6 41. c4 Kd6 42. Kg3 g5 43. h4 h6 44. hxg5 hxg5 45. Kg4 Rh6 46. Kxg5
Rh2 47. Rf4 Rxf2 48. Rf6+ Kc7 49. c5 Rb2 50. Rf7+ Kc8 51. Kg6 Rxb3 52. a4 Ra3
53. d5 Rxa4 54. d6 Rd4 55. Rf8+ Kd7 56. Rxf3 {Time forfeit} 1-0

[Event "Rated Blitz game"]
[Site "?"]
[Date "2021.02.15"]
[Round "?"]
[White "deathboy07"]
[Black "blastol"]
[Result "1-0"]
[WhiteElo "2467"]
[BlackElo "2366"]
[PlyCount "105"]
[EventDate "2021.??.??"]
[EventType "blitz"]

1. e4 e5 2. Nf3 d5 3. Nxe5 Bd6 4. d4 dxe4 5. Nc4 f5 6. Nc3 Nf6 7. Bg5 Nc6 8.
Nd5 O-O 9. Nxf6+ gxf6 10. Bh6 Nxd4 11. Bxf8 Bxf8 12. c3 Nc6 13. Qxd8 Nxd8 14.
O-O-O Nc6 15. Be2 Be6 16. Kb1 Kf7 17. Na3 Bxa3 18. bxa3 Rg8 19. g3 Ne5 20. Kb2
Bc4 21. Bxc4+ Nxc4+ 22. Kb3 Ne5 23. Rd5 Ke6 24. Rhd1 Nd3 25. Rd4 c5 26. Ra4
Nxf2 27. Rd2 Nd3 28. Rxa7 Rb8 29. Kc2 c4 30. Re2 Ke5 31. Ra5+ b5 32. Ra7 Nc5
33. Re3 h5 34. Rc7 Nd3 35. Re7+ Kd6 36. Ra7 Ke6 37. Re2 Nc5 38. Kd2 Rd8+ 39.
Kc2 Ke5 40. Re7+ Ne6 41. Rb7 Rd5 42. Rd2 e3 43. Rxd5+ Kxd5 44. Rxb5+ Ke4 45.
Kd1 Ng5 46. Ke2 Nf3 47. Rb8 Nxh2 48. Re8+ Kd5 49. Rxe3 Ng4 50. Rf3 Ke5 51. a4
Nh2 52. a5 Ng4 53. a6 {Normal} 1-0

[Event "Rated Blitz game"]
[Site "?"]
[Date "2021.02.15"]
[Round "?"]
[White "MannySen"]
[Black "annaly1979"]
[Result "1-0"]
[WhiteElo "2474"]
[BlackElo "2362"]
[PlyCount "41"]
[EventDate "2021.??.??"]
[EventType "blitz"]

1. e4 e5 2. Nf3 d5 3. exd5 e4 4. Qe2 f5 5. d3 Nf6 6. Nbd2 Be7 7. dxe4 fxe4 8.
Nxe4 Nxe4 9. Qxe4 O-O 10. Be2 Bd6 11. O-O Bf5 12. Qc4 Nd7 13. Nd4 Qh4 14. g3
Qh3 15. Nxf5 Qxf5 16. Bg4 Ne5 17. Bxf5 Nxc4 18. Be6+ Kh8 19. b3 Ne5 20. f4 Ng4
21. Bxg4 {Normal} 1-0

[Event "Rated Blitz game"]
[Site "?"]
[Date "2021.02.15"]
[Round "?"]
[White "RIBERCHESS"]
[Black "DarthZannah"]
[Result "0-1"]
[WhiteElo "2326"]
[BlackElo "2490"]
[PlyCount "25"]
[EventDate "2021.??.??"]
[EventType "blitz"]

1. e4 e5 2. Nf3 d5 3. Nxe5 dxe4 4. Bc4 Qg5 5. d4 Qxg2 6. Bxf7+ Kd8 7. Rf1 Nd7
8. Bxg8 Rxg8 9. Bg5+ Ke8 10. Qd2 Nxe5 11. dxe5 Bh3 12. Qe2 Qxg5 13. Nd2 {Normal
} 0-1

[Event "Rated Blitz game"]
[Site "?"]
[Date "2021.02.15"]
[Round "?"]
[White "Lode77"]
[Black "annaly1979"]
[Result "1-0"]
[WhiteElo "2406"]
[BlackElo "2402"]
[PlyCount "131"]
[EventDate "2021.??.??"]
[EventType "blitz"]

1. e4 e5 2. Nf3 d5 3. Nxe5 Qe7 4. d4 f6 5. Nd3 Nc6 6. Be3 dxe4 7. Nc5 f5 8. Nc3
Nf6 9. Bb5 Qd8 10. d5 a6 11. dxc6 Qxd1+ 12. Rxd1 axb5 13. cxb7 Bxb7 14. Nxb7
Bb4 15. O-O Bxc3 16. bxc3 O-O 17. a3 Rfe8 18. Bf4 Rxa3 19. c4 Rc3 20. cxb5 Rxc2
21. Rc1 Rb2 22. Rc5 h6 23. Bxc7 Nd7 24. Rxf5 Rc8 25. Bf4 Rcc2 26. Be3 Nf6 27.
h3 Kf7 28. Rc1 Ke6 29. Rxc2 Rxc2 30. Rf4 Rb2 31. b6 Ke5 32. Nc5 Nd5 33. Rxe4+
Kd6 34. Nb7+ Kc6 35. Na5+ Kd6 36. b7 g5 37. Kh2 Rb5 38. Ba7 Nc3 39. Rd4+ Ke5
40. Rc4 Ne4 41. b8=Q+ Rxb8 42. Bxb8+ Kd5 43. Rxe4 Kxe4 44. g3 h5 45. Ba7 g4 46.
hxg4 hxg4 47. Kg2 Kf5 48. Nc4 Ke4 49. Ne3 Ke5 50. Nxg4+ Kf5 51. Ne3+ Kg5 52.
Kf3 Kf6 53. Kf4 Kg6 54. g4 Kf6 55. g5+ Kg6 56. Kg4 Kg7 57. Kf5 Kf7 58. g6+ Kg7
59. Ng4 Kg8 60. Kf6 Kf8 61. g7+ Kg8 62. Ne5 Kh7 63. Kf7 Kh6 64. Be3+ Kh5 65.
g8=Q Kh4 66. Qg4# {Normal} 1-0

[Event "Rated Blitz game"]
[Site "?"]
[Date "2021.02.15"]
[Round "?"]
[White "Blacknavi"]
[Black "BigTy"]
[Result "1-0"]
[WhiteElo "2445"]
[BlackElo "2274"]
[PlyCount "75"]
[EventDate "2021.??.??"]
[EventType "blitz"]

1. e4 e5 2. Nf3 d5 3. d4 dxe4 4. Nxe5 Bd6 5. Nc4 Nf6 6. Be2 O-O 7. O-O Nc6 8.
Bg5 Nxd4 9. c3 Nxe2+ 10. Qxe2 Re8 11. Nbd2 Bf5 12. Ne3 Bg6 13. Ndc4 h6 14. Bh4
Bf4 15. Rad1 Qc8 16. Bxf6 gxf6 17. g3 Be5 18. Ng4 Kg7 19. Nce3 h5 20. Nxe5 Rxe5
21. Ng2 Qh3 22. Nf4 Qg4 23. Qxg4 hxg4 24. Rd7 Rc8 25. Re1 b6 26. Kf1 a5 27. Ke2
c6 28. Ke3 Rh8 29. Rh1 Rb5 30. b3 Rc5 31. c4 Bf5 32. Rc7 Rd8 33. Re1 b5 34.
cxb5 Rc3+ 35. Ke2 Rc2+ 36. Kf1 Rdd2 37. Re2 cxb5 38. Rxc2 {Time forfeit} 1-0

[Event "Rated Blitz game"]
[Site "?"]
[Date "2021.02.15"]
[Round "?"]
[White "MannySen"]
[Black "Blind2250"]
[Result "1-0"]
[WhiteElo "2480"]
[BlackElo "2420"]
[PlyCount "31"]
[EventDate "2021.??.??"]
[EventType "blitz"]

1. e4 e5 2. Nf3 d5 3. exd5 e4 4. Qe2 Nf6 5. d3 Be7 6. dxe4 O-O 7. Nbd2 Bc5 8.
Qc4 Na6 9. Bd3 c6 10. dxc6 Be6 11. Qa4 Nb4 12. O-O Nxd3 13. cxd3 Qxd3 14. cxb7
Rab8 15. Ne5 Bd4 16. Nxd3 {Normal} 1-0

[Event "Rated Blitz tournament Nt462IvU"]
[Site "?"]
[Date "2021.02.15"]
[Round "?"]
[White "WannTzy_BKD"]
[Black "om_gendut"]
[Result "1/2-1/2"]
[WhiteElo "2435"]
[BlackElo "2362"]
[PlyCount "98"]
[EventDate "2021.??.??"]
[EventType "blitz"]

1. e4 e5 2. Nf3 d5 3. d3 dxe4 4. dxe4 Qxd1+ 5. Kxd1 Bg4 6. c3 Nc6 7. Kc2 O-O-O
8. Be3 f5 9. Bb5 Bxf3 10. gxf3 f4 11. Bc1 Nb8 12. b3 Bc5 13. Rf1 a6 14. Bc4 Nf6
15. Ba3 Bxa3 16. Nxa3 Rd6 17. Rad1 Rhd8 18. Rxd6 Rxd6 19. Be2 Nc6 20. Nc4 Rd8
21. a4 g5 22. a5 h5 23. h3 Rg8 24. Rg1 Kd7 25. b4 Ke7 26. Nd2 Rg7 27. Nb3 Nd7
28. b5 axb5 29. Bxb5 Ncb8 30. Nd2 c6 31. Bc4 Nf6 32. Rb1 Kd8 33. a6 Nxa6 34.
Bxa6 bxa6 35. Rb6 Kc7 36. Rxa6 Kb7 37. Ra5 Nd7 38. Nc4 Re7 39. Ra1 Rg7 40. Ra5
Re7 41. Kd2 Kb8 42. Ke2 Kb7 43. Ra1 Rg7 44. Rb1+ Kc7 45. Ra1 Kb7 46. Na5+ Kc7
47. Rg1 Kb6 48. Nc4+ Kc7 49. Ra1 Kb7 {Normal} 1/2-1/2

[Event "Rated Blitz game"]
[Site "?"]
[Date "2021.02.15"]
[Round "?"]
[White "brunoo2003"]
[Black "annaly1979"]
[Result "0-1"]
[WhiteElo "2454"]
[BlackElo "2378"]
[PlyCount "68"]
[EventDate "2021.??.??"]
[EventType "blitz"]

1. e4 e5 2. Nf3 d5 3. Nxe5 Qe7 4. d4 f6 5. Nd3 Nc6 6. c3 Bf5 7. Be2 Bxe4 8. O-O
Qf7 9. Re1 O-O-O 10. Nd2 Bd6 11. Nxe4 dxe4 12. Nf4 f5 13. Qb3 Qxb3 14. axb3 Nf6
15. b4 Kb8 16. b5 Ne7 17. Ne6 Rdg8 18. Bg5 h6 19. Bxf6 gxf6 20. c4 b6 21. c5
bxc5 22. dxc5 Be5 23. b6 axb6 24. cxb6 cxb6 25. Bc4 Rc8 26. Ra4 Rc6 27. Ng7
Rhc8 28. b3 Bc3 29. Rc1 Ba5 30. Rca1 f4 31. Nh5 f3 32. Ng3 f5 33. gxf3 exf3 34.
Re1 Bxe1 {Normal} 0-1

[Event "Rated Blitz game"]
[Site "?"]
[Date "2021.02.15"]
[Round "?"]
[White "TangatarovTimur"]
[Black "annaly1979"]
[Result "0-1"]
[WhiteElo "2435"]
[BlackElo "2384"]
[PlyCount "114"]
[EventDate "2021.??.??"]
[EventType "blitz"]

1. e4 e5 2. Nf3 d5 3. Nc3 dxe4 4. Nxe4 f5 5. Nc3 e4 6. Ng1 Bc5 7. d3 Nf6 8.
dxe4 Qxd1+ 9. Nxd1 Nxe4 10. Be3 Nc6 11. Bb5 Bd7 12. Nf3 O-O-O 13. O-O h6 14.
Bxc5 Nxc5 15. Ne3 Rhf8 16. Rad1 a6 17. Bxc6 Bxc6 18. Rxd8+ Kxd8 19. Ne5 Be8 20.
Rd1+ Kc8 21. Nd5 Bh5 22. Ne7+ Kb8 23. f3 Re8 24. Nd7+ Nxd7 25. Rxd7 Bf7 26. Nd5
Be6 27. Re7 Rxe7 28. Nxe7 Bxa2 29. Nxf5 Bb1 30. Ne3 b5 31. Kf2 a5 32. Ke2 a4
33. Kd2 b4 34. Kc1 Ba2 35. b3 axb3 36. Kb2 bxc2 37. Nxc2 Be6 38. Nxb4 Kb7 39.
Kc3 Kb6 40. Nd3 c5 41. Nf4 Bf7 42. Nd3 Bd5 43. Nf4 Bf7 44. Ne2 Kc6 45. g3 Kd5
46. Nf4+ Ke5 47. Kd3 g5 48. Ne2 Bh5 49. Ke3 Kd5 50. Nc3+ Kc4 51. Ne4 Bg6 52.
Nf6 Kc3 53. f4 Kc2 54. fxg5 hxg5 55. h4 gxh4 56. gxh4 c4 57. h5 Bf5 {Time
forfeit} 0-1

[Event "Rated Blitz game"]
[Site "?"]
[Date "2021.02.15"]
[Round "?"]
[White "Pirat52"]
[Black "Terizlong"]
[Result "1-0"]
[WhiteElo "2536"]
[BlackElo "2470"]
[PlyCount "53"]
[EventDate "2021.??.??"]
[EventType "blitz"]

1. e4 e5 2. Nf3 d5 3. Nxe5 dxe4 4. Bc4 Qg5 5. Bxf7+ Ke7 6. d4 Qxg2 7. Rf1 Nf6
8. Bc4 Nc6 9. Bf4 Be6 10. Nxc6+ bxc6 11. Bxe6 Kxe6 12. Nc3 Bd6 13. Qd2 Qf3 14.
Ne2 Rab8 15. d5+ Kf7 16. Bxd6 cxd6 17. dxc6 Rxb2 18. Nd4 Qh5 19. Rg1 Rhb8 20.
Qg5 Rb1+ 21. Kd2 Qxg5+ 22. Rxg5 Rxa1 23. Ra5 Ra8 24. c7 Rc8 25. Rxa7 Rh1 26.
Nb5 Rxh2 27. Nxd6+ {Time forfeit} 1-0

[Event "Rated Blitz game"]
[Site "?"]
[Date "2021.02.15"]
[Round "?"]
[White "DanielPerchman"]
[Black "SEA0307"]
[Result "0-1"]
[WhiteElo "2335"]
[BlackElo "2419"]
[PlyCount "52"]
[EventDate "2021.??.??"]
[EventType "blitz"]

1. e4 e5 2. Nf3 d5 3. Nc3 d4 4. Ne2 Bd6 5. Ng3 Nf6 6. Bc4 c5 7. d3 O-O 8. h3
Nc6 9. a4 a6 10. Qe2 Rb8 11. Nh4 b5 12. axb5 axb5 13. Bb3 Be6 14. Nhf5 Ne8 15.
Qg4 Kh8 16. Ra6 c4 17. Rxc6 cxb3 18. Rxd6 Qxd6 19. Nxd6 Bxg4 20. Nxe8 Bd7 21.
Nd6 Rb6 22. Ndf5 Rc6 23. Bd2 Rxc2 24. Bb4 Rc1+ 25. Kd2 Rc2+ 26. Kd1 Ra8 {
Time forfeit} 0-1

[Event "Rated Blitz game"]
[Site "?"]
[Date "2021.02.15"]
[Round "?"]
[White "roberat18"]
[Black "batasjon"]
[Result "0-1"]
[WhiteElo "2449"]
[BlackElo "2330"]
[PlyCount "100"]
[EventDate "2021.??.??"]
[EventType "blitz"]

1. e4 e5 2. Nf3 d5 3. exd5 e4 4. Qe2 Nf6 5. d3 Qxd5 6. Nbd2 Nc6 7. dxe4 Qh5 8.
Qb5 Bc5 9. e5 Nd7 10. Ne4 Nd4 11. Nxd4 Qxe5 12. Bd3 Bxd4 13. O-O Qxb5 14. Bxb5
c6 15. Bc4 O-O 16. Rd1 Be5 17. Bb3 Nf6 18. Nc5 b6 19. Nd3 Bc7 20. Bf4 Bxf4 21.
Nxf4 Bf5 22. Rd6 Rac8 23. Rad1 Rc7 24. f3 Re8 25. g4 Bc8 26. h4 Kf8 27. g5 Nd7
28. Kf2 Ne5 29. c3 Rce7 30. Kg3 Rc7 31. Ba4 Bb7 32. Bc2 Bc8 33. h5 Nc4 34. Bxh7
Nxd6 35. Rxd6 Be6 36. h6 gxh6 37. g6 fxg6 38. Nxe6+ Rxe6 39. Rxe6 Rxh7 40. Rxg6
Rg7 41. Rxg7 Kxg7 42. Kg4 Kf6 43. f4 h5+ 44. Kxh5 Kf5 45. Kh6 c5 46. Kg7 c4 47.
Kf7 Kxf4 48. Ke6 Ke3 49. Kd5 Kd3 50. a4 a5 {Time forfeit} 0-1

[Event "Rated Blitz game"]
[Site "?"]
[Date "2021.02.15"]
[Round "?"]
[White "Kojnak7"]
[Black "GrandeGila"]
[Result "0-1"]
[WhiteElo "2341"]
[BlackElo "2425"]
[PlyCount "108"]
[EventDate "2021.??.??"]
[EventType "blitz"]

1. e4 e5 2. Nf3 d5 3. d4 dxe4 4. Nxe5 Bd6 5. Nc4 Nc6 6. Be2 Nxd4 7. Nxd6+ Qxd6
8. O-O Bf5 9. Nc3 O-O-O 10. Be3 Nf6 11. Bc4 Bg6 12. Nb5 Nxb5 13. Bxb5 Qxd1 14.
Rfxd1 a6 15. Bc4 h6 16. h3 Rxd1+ 17. Rxd1 Rd8 18. Rxd8+ Kxd8 19. Kf1 Kd7 20. g4
Kc6 21. Bd4 Ne8 22. Bb3 f5 23. Ke2 fxg4 24. hxg4 h5 25. gxh5 Bxh5+ 26. Ke3 Bg6
27. c3 Bh7 28. Bc2 Kd5 29. f3 Nd6 30. Bxg7 Nf5+ 31. Kf4 Nxg7 32. fxe4+ Ke6 33.
b4 Ne8 34. Bb3+ Ke7 35. a4 Bg6 36. a5 Bf7 37. Bd1 Be6 38. e5 Ng7 39. Bc2 Nh5+
40. Ke4 Ng3+ 41. Kd4 Bd7 42. c4 Be6 43. Bd3 Bd7 44. b5 Ke6 45. bxa6 bxa6 46. c5
Bc6 47. Bxa6 Nf5+ 48. Kc3 Kxe5 49. Bc4 Ne3 50. Bg8 Bb5 51. Kb4 Ba6 52. Bf7 Kd4
53. Bg8 Nd5+ 54. Bxd5 Kxd5 {Normal} 0-1

[Event "Rated Blitz game"]
[Site "?"]
[Date "2021.02.15"]
[Round "?"]
[White "YEIKOCASTELLA"]
[Black "Schachelite"]
[Result "1-0"]
[WhiteElo "2402"]
[BlackElo "2334"]
[PlyCount "57"]
[EventDate "2021.??.??"]
[EventType "blitz"]

1. e4 e5 2. Nf3 d5 3. Nxe5 Bd6 4. d4 dxe4 5. Nc3 Nf6 6. Bc4 O-O 7. O-O Nc6 8.
Bf4 Na5 9. Be2 c6 10. Bg5 Be6 11. Bxf6 gxf6 12. Ng4 f5 13. Ne3 b5 14. f3 f4 15.
fxe4 fxe3 16. e5 Be7 17. Bd3 Bc4 18. Bxh7+ Kxh7 19. Qh5+ Kg7 20. Qg4+ Bg5 21.
Rf5 Kg6 22. Raf1 Bxf1 23. Ne4 f6 24. Rxf6+ Rxf6 25. Qxg5+ Kf7 26. exf6 Qg8 27.
Nd6+ Ke6 28. Qe5+ Kd7 29. Qe7# {Normal} 1-0

[Event "Rated Blitz game"]
[Site "?"]
[Date "2021.02.15"]
[Round "?"]
[White "Zaza2106"]
[Black "Blind2250"]
[Result "1/2-1/2"]
[WhiteElo "2343"]
[BlackElo "2429"]
[PlyCount "112"]
[EventDate "2021.??.??"]
[EventType "blitz"]

1. e4 e5 2. Nf3 d5 3. exd5 e4 4. Qe2 Qe7 5. Nd4 Nf6 6. Nc3 Qe5 7. Nb3 Bd6 8. d3
exd3 9. Qxe5+ Bxe5 10. Bxd3 Bxc3+ 11. bxc3 Nxd5 12. Ba3 Nxc3 13. Kd2 Na4 14.
Rhe1+ Be6 15. Bb5+ c6 16. Bxa4 b5 17. Nc5 bxa4 18. Nxe6 fxe6 19. Rxe6+ Kf7 20.
Re7+ Kg6 21. Rae1 Rd8+ 22. Kc3 Nd7 23. R1e6+ Nf6 24. g4 Re8 25. Rxe8 Rxe8 26.
Rxc6 Kg5 27. f3 Kf4 28. Rc4+ Kxf3 29. Rxa4 Nxg4 30. Rxa7 Rg8 31. Bd6 Kg2 32.
Re7 h5 33. a4 g5 34. a5 Ra8 35. Kb4 Rd8 36. Bc7 Rd4+ 37. c4 Rd2 38. a6 Rb2+ 39.
Kc5 Ra2 40. Kb6 Nxh2 41. a7 Nf3 42. Kb7 g4 43. a8=Q Rxa8 44. Kxa8 h4 45. Rg7 g3
46. Rh7 Kh3 47. c5 Kg4 48. Rg7+ Kh3 49. Bxg3 hxg3 50. c6 Nd4 51. c7 Ne6 52.
Rxg3+ Kxg3 53. c8=Q Nf4 54. Qc3+ Kf2 55. Qf6 Ke3 56. Qxf4+ Kxf4 {Normal}
1/2-1/2

[Event "Rated Blitz game"]
[Site "?"]
[Date "2021.02.15"]
[Round "?"]
[White "Genialny_zolw"]
[Black "Terizlong"]
[Result "1-0"]
[WhiteElo "2341"]
[BlackElo "2465"]
[PlyCount "49"]
[EventDate "2021.??.??"]
[EventType "blitz"]

1. e4 e5 2. Nf3 d5 3. exd5 Bd6 4. Nc3 Nf6 5. Bb5+ Bd7 6. Bxd7+ Nbxd7 7. d3 h6
8. O-O O-O 9. Re1 a6 10. a4 Re8 11. Ne4 Nxd5 12. Nxd6 cxd6 13. b3 Qf6 14. Nd2
e4 15. Ba3 e3 16. fxe3 Nxe3 17. Qc1 Qd4 18. Bb2 Qg4 19. Rxe3 Rxe3 20. Ne4 Re2
21. Ng3 Rae8 22. c4 Nc5 23. Qc3 Nxd3 24. Qxd3 Rxb2 25. Qxd6 {Time forfeit} 1-0

[Event "Rated Blitz game"]
[Site "?"]
[Date "2021.02.15"]
[Round "?"]
[White "Starazagora"]
[Black "batasjon"]
[Result "1-0"]
[WhiteElo "2406"]
[BlackElo "2331"]
[PlyCount "57"]
[EventDate "2021.??.??"]
[EventType "blitz"]

1. e4 e5 2. Nf3 d5 3. Nxe5 Bd6 4. d4 dxe4 5. Nc3 Nf6 6. Bc4 O-O 7. O-O Nc6 8.
Nxc6 bxc6 9. h3 Rb8 10. Bg5 Bf5 11. Re1 Re8 12. Bb3 h6 13. Bh4 g5 14. Bg3 Bf4
15. Ne2 Qd6 16. c4 Bxg3 17. Nxg3 Bg6 18. d5 c5 19. Re3 Re7 20. Qd2 Rbe8 21. Qc3
Qe5 22. Rae1 Qxc3 23. Rxc3 Kg7 24. Rce3 Re5 25. f3 R8e7 26. Bc2 Nd7 27. Bxe4 f5
28. Bxf5 Bxf5 29. Nxf5+ {Normal} 1-0

[Event "Rated Blitz game"]
[Site "?"]
[Date "2021.02.15"]
[Round "?"]
[White "khatkevich71"]
[Black "oALzJoN"]
[Result "1-0"]
[WhiteElo "2410"]
[BlackElo "2342"]
[PlyCount "69"]
[EventDate "2021.??.??"]
[EventType "blitz"]

1. e4 e5 2. Nf3 d5 3. Nxe5 dxe4 4. d4 Bd6 5. Nc4 Nc6 6. d5 Ne5 7. Nxd6+ Qxd6 8.
Be2 Nf6 9. c4 Bf5 10. Nc3 O-O-O 11. Be3 Kb8 12. Qa4 a6 13. c5 Qd7 14. c6 Qe8
15. Qb3 Nxc6 16. dxc6 Qxc6 17. O-O Be6 18. Qa4 Qxa4 19. Nxa4 Nd5 20. Nc5 Bc8
21. Rfd1 f5 22. Bc4 Nb6 23. Be6 Bxe6 24. Nxe6 Rxd1+ 25. Rxd1 Nc4 26. Bf4 Nxb2
27. Rd7 Nd3 28. Bxc7+ Kc8 29. Rxg7 Re8 30. Nd4 f4 31. Bb6 e3 32. fxe3 fxe3 33.
Ne2 Re6 34. Bd4 Rc6 35. h4 {Time forfeit} 1-0

[Event "Rated Blitz game"]
[Site "?"]
[Date "2021.02.15"]
[Round "?"]
[White "Nodal1955"]
[Black "Blind2250"]
[Result "0-1"]
[WhiteElo "2370"]
[BlackElo "2437"]
[PlyCount "46"]
[EventDate "2021.??.??"]
[EventType "blitz"]

1. e4 e5 2. Nf3 d5 3. Nc3 dxe4 4. Nxe4 Nd7 5. Bc4 Be7 6. O-O Ngf6 7. Nxf6+ Bxf6
8. d4 O-O 9. dxe5 Nxe5 10. Nxe5 Bxe5 11. Qh5 Qf6 12. Bd3 g6 13. Qh6 Bxb2 14.
Bxb2 Qxb2 15. Rae1 Be6 16. f4 Qg7 17. Qh4 Qd4+ 18. Kh1 Rfe8 19. Be4 c6 20. f5
Bxf5 21. c3 Rxe4 22. Rxf5 Rxh4 23. cxd4 gxf5 {Normal} 0-1

[Event "Rated Blitz game"]
[Site "?"]
[Date "2021.02.15"]
[Round "?"]
[White "LANATER2020"]
[Black "Jayson_Salubre"]
[Result "1/2-1/2"]
[WhiteElo "2420"]
[BlackElo "2403"]
[PlyCount "57"]
[EventDate "2021.??.??"]
[EventType "blitz"]

1. e4 e5 2. Nf3 d5 3. d3 dxe4 4. dxe4 Qxd1+ 5. Kxd1 Bg4 6. c3 Nf6 7. Nbd2 Nbd7
8. Be2 O-O-O 9. Ng5 Be6 10. Nxe6 fxe6 11. Kc2 Bd6 12. f3 Rhe8 13. Nc4 Nb6 14.
Nxb6+ axb6 15. Be3 Bc5 16. Bg5 h6 17. Bxf6 gxf6 18. Rad1 h5 19. Rxd8+ Kxd8 20.
g4 h4 21. h3 Ke7 22. Rd1 Bd6 23. a4 Kf7 24. Bb5 Rd8 25. Rd3 Kg6 26. Kd2 Kg5 27.
Ke2 Kf4 28. Kf2 Bc5+ 29. Kg2 {Normal} 1/2-1/2

[Event "Rated Blitz game"]
[Site "?"]
[Date "2021.02.15"]
[Round "?"]
[White "falerito"]
[Black "Kaissiber"]
[Result "0-1"]
[WhiteElo "2282"]
[BlackElo "2445"]
[PlyCount "36"]
[EventDate "2021.??.??"]
[EventType "blitz"]

1. e4 e5 2. Nf3 d5 3. exd5 e4 4. Qe2 Nf6 5. Nc3 Be7 6. d3 exf3 7. Qxf3 O-O 8.
Bf4 c6 9. dxc6 Nxc6 10. h3 Bb4 11. Bd2 Re8+ 12. Kd1 Nd4 13. Qf4 Nh5 14. Qh2 Bd6
15. f4 Qc7 16. g3 Nf3 17. Qf2 Nxd2 18. Qxd2 Nxg3 {Normal} 0-1

[Event "Rated Blitz game"]
[Site "?"]
[Date "2021.02.15"]
[Round "?"]
[White "EagerBeavers"]
[Black "malcriado007"]
[Result "0-1"]
[WhiteElo "2319"]
[BlackElo "2415"]
[PlyCount "84"]
[EventDate "2021.??.??"]
[EventType "blitz"]

1. e4 e5 2. Nf3 d5 3. exd5 e4 4. Qe2 Qe7 5. d3 exf3 6. Qxe7+ Nxe7 7. gxf3 Nxd5
8. c3 Nc6 9. Bg2 Bf5 10. d4 O-O-O 11. O-O f6 12. Nd2 h5 13. Ne4 h4 14. c4 Ndb4
15. d5 Nd4 16. Be3 Ne2+ 17. Kh1 h3 18. Rfe1 hxg2+ 19. Kxg2 Nf4+ 20. Bxf4 Nd3
21. Be3 Bh3+ 22. Kg3 Nxe1 23. Rxe1 f5 24. Ng5 Bd6+ 25. f4 Bg4 26. Nf7 Rh3+ 27.
Kg2 Re8 28. Ng5 Rh6 29. Ne6 Rhxe6 30. dxe6 Rxe6 31. c5 Bxc5 32. h3 Bh5 33. a3
g5 34. b4 Bxe3 35. fxe3 gxf4 36. Rf1 f3+ 37. Kg3 Rxe3 38. Kf4 Re2 39. Kxf5 Rg2
40. h4 Kd7 41. Kf6 f2 42. Rd1+ Bxd1 {Normal} 0-1

[Event "Rated Blitz game"]
[Site "?"]
[Date "2021.02.15"]
[Round "?"]
[White "Marc400"]
[Black "Kaissiber"]
[Result "1-0"]
[WhiteElo "2389"]
[BlackElo "2440"]
[PlyCount "71"]
[EventDate "2021.??.??"]
[EventType "blitz"]

1. e4 e5 2. Nf3 d5 3. exd5 e4 4. Qe2 Nf6 5. d3 Be7 6. dxe4 O-O 7. Nbd2 Re8 8.
g3 c6 9. dxc6 bxc6 10. Bg2 Ba6 11. c4 Bb4 12. O-O Nbd7 13. a3 Bf8 14. b4 c5 15.
Bb2 Bb7 16. e5 cxb4 17. axb4 Bxb4 18. Qd3 Bxd2 19. exf6 Bxf3 20. Bxf3 Nxf6 21.
Qc2 Bb4 22. Bxa8 Qxa8 23. Bxf6 gxf6 24. Qb2 a5 25. Qxf6 Re6 26. Qg5+ Rg6 27.
Qd5 Qc8 28. Rfd1 Qh3 29. Qe5 Qc8 30. Rxa5 Bxa5 31. Qxa5 Qxc4 32. Rd8+ Kg7 33.
Qa1+ Kh6 34. Rd4 Ra6 35. Rh4+ Qxh4 36. Qxa6+ {Normal} 1-0

[Event "Rated Blitz game"]
[Site "?"]
[Date "2021.02.15"]
[Round "?"]
[White "pl0xkeppa"]
[Black "pjotrrcappan"]
[Result "1-0"]
[WhiteElo "2293"]
[BlackElo "2532"]
[PlyCount "75"]
[EventDate "2021.??.??"]
[EventType "blitz"]

1. e4 e5 2. Nf3 d5 3. Nxe5 Nf6 4. exd5 Qxd5 5. d4 Nc6 6. Nf3 Bg4 7. Be2 O-O-O
8. c3 Bd6 9. h3 Qh5 10. Nbd2 Rhe8 11. Kf1 Kb8 12. Rg1 Bxh3 13. gxh3 Qxh3+ 14.
Rg2 Nd5 15. Ng5 Qf5 16. Ndf3 h6 17. Bd3 Qd7 18. Bc4 Nb6 19. Bxf7 Re7 20. d5 Ne5
21. Nxe5 Bxe5 22. Be6 Qb5+ 23. Kg1 hxg5 24. Bxg5 Bf6 25. Bxf6 gxf6 26. b3 Rxe6
27. dxe6 Rxd1+ 28. Rxd1 Nc8 29. Rd8 a5 30. e7 Ka7 31. e8=Q Qf5 32. Qe3+ Nb6 33.
Rgg8 c5 34. Rg7 Ka6 35. Qe8 Qb1+ 36. Kh2 Qxa2 37. Ra8+ Nxa8 38. Qxa8+ {Normal}
1-0

[Event "Rated Blitz game"]
[Site "?"]
[Date "2021.02.15"]
[Round "?"]
[White "sjakkno02"]
[Black "DarthZannah"]
[Result "0-1"]
[WhiteElo "2355"]
[BlackElo "2490"]
[PlyCount "28"]
[EventDate "2021.??.??"]
[EventType "blitz"]

1. e4 e5 2. Nf3 d5 3. exd5 e4 4. Qe2 Nf6 5. Nc3 Be7 6. Nxe4 O-O 7. d3 Qxd5 8.
Nc3 Qh5 9. Qd1 Re8 10. Be2 Bd6 11. Bg5 Ng4 12. Qd2 Nc6 13. O-O-O Nxf2 14. g4
Bxg4 {Normal} 0-1